000 00831nam a2200253 a 4500
001 BRL_84
005 20190320210559.0
008 101012s1942----u--#######---#000-0#eng-#
041 _aeng
044 _au
050 4 _aF1234
_b.K57 1942
100 1 _aKirk, Betty
_922861
245 1 0 _aCovering the Mexican front
_bthe battle of Europe versus America
_cby Betty Kirk ; introduction by Josephus Daniels.
260 _aNorman
_bUniversity of Oklahoma
_c1942
300 _axix, 367 p.
_c24 cm.
500 _aIncluye índice de nombres
500 _aIncluye dedicatoria a Ruth Lechuga por parte de la autora
500 _aAu119
651 4 _aMéxico
_xPolítica y gobierno
_y1910-1946
_99549
651 4 _aMexico
_xRelaciones extranjeras
_y1910-1946
_922862
700 1 _aDaniels, Josephus
_922863
902 _aGRL
942 _2lcc
_cB
999 _c8897
_d8897